书目信息 |
| 题名: |
工程机械电控柴油机控制系统检修实训指导书
|
|
| 作者: | 赵文珅 , 孙燕 主编 | |
| 分册: | ||
| 出版信息: | 昆明 云南人民出版社 2020.02 |
|
| 页数: | 69页 | |
| 开本: | 26cm | |
| 丛书名: | ||
| 单 册: | ||
| 中图分类: | TK428 | |
| 科图分类: | ||
| 主题词: | 工程机械--gong cheng ji xie--柴油机--电子控制--控制系统--检修--高等职业教育--教学参考资料 | |
| 电子资源: | ||
| ISBN: | 978-7-222-19143-3 | |
| 000 | 01154nam0 2200253 450 | |
| 001 | 202020141173 | |
| 005 | 20200926181358.0 | |
| 010 | @a978-7-222-19143-3@dCNY22.00 | |
| 100 | @a20200919d2020 em y0chiy50 ea | |
| 101 | 0 | @achi |
| 102 | @aCN@b530000 | |
| 105 | @aa z 000yy | |
| 106 | @ar | |
| 200 | 1 | @a工程机械电控柴油机控制系统检修实训指导书@Agong cheng ji xie dian kong chai you ji kong zhi xi tong jian xiu shi xun zhi dao shu@f主编赵文珅, 孙燕 |
| 210 | @a昆明@c云南人民出版社@d2020.02 | |
| 215 | @a69页@c图@d26cm | |
| 300 | @a云南交通职业技术学院利用德国促进贷款改善办学条件建设项目系列实训指导书编委会 | |
| 330 | @a本实训指导书主要以康明斯ISBe电控柴油机为例, 系统地列举了控制系统中各类传感器、执行器、控制电路、电子油门踏板以及高压共轨燃油系统等主要部件的故障诊断及检修方法 ; 同时详细讲解了康明斯故障诊断软件 (INSITE) 的使用方法并且以实训的方式使学生加以掌握。 | |
| 606 | 0 | @a工程机械@Agong cheng ji xie@x柴油机@x电子控制@x控制系统@x检修@x高等职业教育@j教学参考资料 |
| 690 | @aTK428@v5 | |
| 701 | 0 | @a赵文珅@Azhao wen shen@4主编 |
| 701 | 0 | @a孙燕@Asun yan@4主编 |
| 801 | 0 | @aCN@c20200608 |
| 905 | @a河南城建学院图书馆@dTK428@eZ336 | |
| 工程机械电控柴油机控制系统检修实训指导书/主编赵文珅, 孙燕.-昆明:云南人民出版社,2020.02 |
| 69页:图;26cm |
| 云南交通职业技术学院利用德国促进贷款改善办学条件建设项目系列实训指导书编委会 |
| ISBN 978-7-222-19143-3:CNY22.00 |
| 本实训指导书主要以康明斯ISBe电控柴油机为例, 系统地列举了控制系统中各类传感器、执行器、控制电路、电子油门踏板以及高压共轨燃油系统等主要部件的故障诊断及检修方法 ; 同时详细讲解了康明斯故障诊断软件 (INSITE) 的使用方法并且以实训的方式使学生加以掌握。 |
| ● |
| 相关链接 |
|
|
|
正题名:工程机械电控柴油机控制系统检修实训指导书
索取号:TK428/Z336
 
预约/预借
| 序号 | 登录号 | 条形码 | 馆藏地/架位号 | 状态 | 备注 |
| 1 | 1491311 | 214913110 | 自科库501/501自科库 136排6列6层/ [索取号:TK428/Z336] | 在馆 |